Mathematical methods for physicists (Record no. 244)

MARC details
000 -LEADER
fixed length control field 00596 a2200217 4500
001 - CONTROL NUMBER
control field 066050
003 - CONTROL NUMBER IDENTIFIER
control field OSt
005 - DATE AND TIME OF LATEST TRANSACTION
control field 20210907162915.0
008 - FIXED-LENGTH DATA ELEMENTS--GENERAL INFORMATION
fixed length control field
020 ## - INTERNATIONAL STANDARD BOOK NUMBER
International Standard Book Number 9878131200803
082 ## - DEWEY DECIMAL CLASSIFICATION NUMBER
Classification number 530.15
Item number A35M
100 1# - MAIN ENTRY--PERSONAL NAME
Personal name Arfken, George B.
245 1# - TITLE STATEMENT
Title Mathematical methods for physicists
Statement of responsibility, etc by George B. Arfken and Hans J. Weber
250 ## - EDITION STATEMENT
Edition statement 6th ed.
260 ## - PUBLICATION, DISTRIBUTION, ETC. (IMPRINT)
Place of publication, distribution, etc New York
Name of publisher, distributor, etc Elesiver
Date of publication, distribution, etc 2010
300 ## - PHYSICAL DESCRIPTION
Extent 1182p.
630 ## - SUBJECT ADDED ENTRY--UNIFORM TITLE
Uniform title Mathematics
690 ## - LOCAL SUBJECT ADDED ENTRY--TOPICAL TERM (OCLC, RLIN)
Topical term or geographic name as entry element Mathematical physics; Mathematics; Mathematical analysis
700 ## - ADDED ENTRY--PERSONAL NAME
Personal name Weber, Hans J.
942 ## - ADDED ENTRY ELEMENTS (KOHA)
Source of classification or shelving scheme Dewey Decimal Classification
Koha item type Books
Holdings
Withdrawn status Lost status Damaged status Not for loan Collection code Home library Current library Date acquired Source of acquisition Cost, normal purchase price Total Checkouts Full call number Barcode Date last seen Date checked out Price effective from Koha item type
        General Text Book Central University Of Rajasthan Central University Of Rajasthan 07/03/2012 MTH 795.00 5 530.15 A35M 336 02/02/2026 16/01/2026 02/09/2020 Books
        General Text Book Central University Of Rajasthan Central University Of Rajasthan 07/03/2012 MTH 795.00 1 530.15 A35M 337 04/09/2024 31/07/2024 02/09/2020 Books